书目信息 |
| 题名: |
马勇说民国
|
|
| 作者: | 马勇 著 | |
| 分册: | ||
| 出版信息: | 沈阳 万卷出版公司 2016 |
|
| 页数: | 335页 | |
| 开本: | 21cm | |
| 丛书名: | ||
| 单 册: | ||
| 中图分类: | K258.07 | |
| 科图分类: | ||
| 主题词: | 中国历史--zhong guo li shi--研究--民国 | |
| 电子资源: | ||
| ISBN: | 978-7-5470-4270-0 | |
| 000 | 00793nam0 22002291 450 | |
| 001 | 1755161379 | |
| 005 | 20170602161334.0 | |
| 010 | @a978-7-5470-4270-0@b精装@dCNY39.80 | |
| 100 | @a20160923d2016 em y0chiy50 ea | |
| 101 | 0 | @achi |
| 102 | @aCN@b210000 | |
| 105 | @aa z 000yy | |
| 106 | @ar | |
| 200 | 1 | @a马勇说民国@Ama yong shuo min guo@f马勇著 |
| 210 | @a沈阳@c万卷出版公司@d2016 | |
| 215 | @a335页@c照片@d21cm | |
| 330 | @a本书章节共分四部分:第一章国故,以最新研究的历史事实为主;第二章听闻,以历史谜团的重新考证为主;第三章姑言,以人物评传为主;第四章说法,以历史评述、政论为主。 | |
| 606 | 0 | @a中国历史@Azhong guo li shi@x研究@z民国 |
| 690 | @aK258.07@v5 | |
| 701 | 0 | @a马勇@Ama yong@f(1956.1~)@4著 |
| 801 | 0 | @aCN@bTANGWEI@c20170602 |
| 905 | @b0972498-502@dK258.07@e77@f5 | |
| 马勇说民国/马勇著 .-沈阳:万卷出版公司,2016 |
| 335页:照片;21cm |
| ISBN 978-7-5470-4270-0(精装):CNY39.80 |
| 本书章节共分四部分:第一章国故,以最新研究的历史事实为主;第二章听闻,以历史谜团的重新考证为主;第三章姑言,以人物评传为主;第四章说法,以历史评述、政论为主。 |
| ● |
| 相关链接 |
|
|
|
|
正题名:马勇说民国
索取号:K258.07/77
 
预约/预借
| 序号 | 登录号 | 条形码 | 馆藏地/架位号 | 状态 | 备注 |
| 1 | 0972498 | 209724985 | 第二样本阅览室/ [索取号:K258.07/77] | 在馆 | |
| 2 | 0972499 | 209724994 | 密集书库-史法系/ [索取号:K258.07/77] | 在馆 | |
| 3 | 0972500 | 209725001 | 第二借阅区/ [索取号:K258.07/77] | 在馆 | |
| 4 | 0972501 | 209725010 | 第二借阅区/ [索取号:K258.07/77] | 在馆 | |
| 5 | 0972502 | 209725029 | 第二借阅区/ [索取号:K258.07/77] | 在馆 |